NCAA Division 1 schools in Alabama - Statistics

General Stats
  • This quiz has been taken 205 times
  • The average score is 8 of 10
Answer Stats
Primary conference Full name School % Correct
SEC University of Alabama Alabama
100%
SEC Auburn University Auburn
94%
Sun Belt University of South Alabama South Alabama
88%
CUSA University of Alabama at Birmingham UAB
87%
SWAC Alabama State University Alabama State
80%
Sun Belt Troy University Troy
77%
SWAC Alabama Agricultural and Mechanical University Alabama A&M
75%
ASUN University of North Alabama North Alabama
62%
ASUN Jacksonville State University Jacksonville State
60%
Southern Samford University Samford
40%
No matching quizzes found
Score Distribution
Percent of People with Each Score
Percentile by Number Answered
Your Score History
You have not taken this quiz